000 00465nam a22001697a 4500
003 CEME
005 20210628201941.0
008 210129b xxu||||| |||| 00| 0 eng d
040 _c.
082 _a297.44 ABU
100 _aAbu Talib Muhammad Bin Atiya Harsi Malki, Shaikh,Sadar Alam Abdur Rehman, Maulana
_957558
245 _aQout ul qaloob
260 _aKARACHI
_bDAR-UL-ASHAAT
_c2000
300 _a2VOLS
650 _aISLAM-TASAWAA
_957559
942 _cBK
_2ddc
999 _c567828
_d567828